000 00471nam a22001937a 4500
003 MPLRDC
005 20220104143434.0
008 210129b ||||| |||| 00| 0 eng d
020 _a957-708-020-0
082 _a857.7 WAY-6
100 _a王安忆
245 _a逐鹿中街
_c
250 _a初版一刷
260 _a
_b麦田出版股份有限公司
_c1992
300 _b
490 _a麦田文学. 10
650 _a长篇小说
942 _cBK
_o857.7 WAY-6
999 _c39913
_d39903